000 00569nam a2200193Ia 4500
005 20250508152447.0
008 008 250505s9999 xx 000 0 eng d
037 _aTextual
040 _aFEDL
_beng
_cFEDL
041 _aeng
_2eng
084 _a332.110 54, RAJ
_qFEDL
100 _aRaj K. N.
245 0 _aMonetary policy of the reserve bank of India
260 _aBombay, India
_bNational Information and Publications Ltd.
_c1948
300 _aiii,177p
650 _aEconomics
942 _cTEXL
_h332.110 54, RAJ
999 _c1336566
_d1336566